000 04131nam a2200277 a 4500
001 000028247
005 20250425102839.0
008 110407t2010 dr ac 001 0 spa d
020 _a9789945410587
040 _aDO-SdBNP
_bspa
_cBNPHU
082 _a972.93053
_bA989L
100 1 _aAyuso, Juan José,
_d1940-
_915819
245 1 0 _aLucha contra Trujillo 1930-1961 /
_cJuan José Ayuso.
260 _aSanto Domingo :
_bLetra Gráfica,
_c2010.
300 _a397 p. :
_bil., retrs. ;
_c23 cm.
500 _aIncluye índice onomástico.
504 _aIncluye bibliografía y notas al pie de las páginas.
504 _aBibliografía : p. 351-354.
505 0 _gA los héroes sin nombre /
_rFederico Bermúdez (1884-1921) --
_gI. El establecimiento de una tiranía :
_tA sangre y fuego ;
_tEl asesinato de Martínez Reyna y su esposa Altagracia ;
_tLos generales Paredes, Larancuent y Estrella ;
_tEl general Cipriano Bencosme ;
_tEl general Peralta, Tío Sánchez ;
_tEl general Desiderio Arias : El pertinaz cacique de las montoneras ;
_tLevantamiento y asesinato del general Arias ;
_tManiel, Cuba. Quero Saviñón, La Vega ;
_tEl complot de Santiago en 1934 ;
_tInvestigación y apreciación de Arvelo ;
_tInvestigación y apreciación de Cordero Michel ;
_tInvestigación y apreciación de Mejía ;
_tLa lista del juez ;
_tLa conspiración de Santo Domingo en 1935 ;
_tEl sector económico más poderoso ;
_tSectores militares ;
_tMovimiento obrero y acción política 1940-1947 : Un interludio de tolerancia ;
_tLos cuarenta: auge de las ideas y luchas democráticas ;
_tEl movimiento obrero ;
_tGalíndez ;
_tCapdevila ;
_tVega ;
_tLa política antitrujillista sale a la calle ;
_tLas memorias de Díaz Grullón ;
_tInvestigación de Capdevila ;
_tUn interludio de tolerancia ;
_tProcedencia socioeconómica de dirigentes y miembros del PSP --
_gII. Cayo Confite y Luperón : La lucha sin descanso del general Juan (Juancito) Rodríguez García :
_tEl luchador permanente ;
_t1947 : La ilusión de Cayo Confite ;
_t1949 : Luperón, según el comandante Ornes Coiscou ;
_tY según Arvelo ;
_tLa crítica del General Bayo ;
_tLa expedición de Batista Clisante en 1958 --
_gIII. La mentalidad impuesta por la tiranía. La comunicación cautiva. Enero de 1959 a Diciembre de 1961 :
_tEl silencio ;
_tCronologías de la Nación y El Caribe ;
_tUna versión particular de la tiranía --
_gCapítulo cuatro : De Pinar del Río a Constanza, Maimón y Estero Hondo. Las expediciones del 14 y 20 de Junio --
505 0 _gIV. De Pinar del Río a Constanza, Maimón y Estero Hondo. Las expediciones del 14 y 20 de Junio :
_tTestimonios. Investigación ;
_tEl testimonio vivo de Puigsubirá Miniño ;
_tVargas y Vargas : recuerdos ;
_tGómez Ochoa: 39 años después ;
_tPou Saleta En busca de la libertad ;
_tGermán, de Cayo Confite a Constanza ;
_tDeláncer: Primavera 1959 ;
_tEl libro de Abreu Cardet y el prólogo de Cordero Michel ;
_tAnselmo Brache Batista : geografía de las expediciones ;
_tABB. Los expedicionarios ;
_tConstanza. Grupo Gómez Ochoa ;
_tExpedicionarios por Maimón y Estero Hondo ;
_tLa expediciones de 1959 y la pertinencia de su análisis socioeconómico ;
_tLa conspiración de los sargentos de la aviación --
_gV. La conspiración del Movimiento Revoluvionario 14 de Junio. La clase media se vuelca contra el tirano :
_tA principios de enero de 1960 ;
_tNombres y fotografías ;
_tPolítica de efecto contrario ;
_tLos panfleteros de Santiago ;
_tEl MPD: Lucha interna o Trujillo siempre ;
_tEl asesinato de las Hermanas Mirabal --
_gVI. Bibliografías: Literatura política del exilio y literatura política trujillista :
_tExplicación ;
_tLiteratura política del exilio ;
_tOtros importantes libros del exilio ;
_tLiteratura política trujillista ;
_tLa perversidad sin límites del trujillismo ;
_tCayó el tirano, no la tiranía ;
_t30 de mayo de 1961 ;
_tEl pueblo, sí ;
_tCarl Sandburg (1878-1967) --
_gBibliografía --
_gÍndice de nombres.
600 1 0 _aTrujillo Molina, Rafael Leónidas,
_d 1891-1961
_976764
650 4 _aPersecuciones políticas
_96046
650 0 _aResistencia civil
_944220
910 _aValidado. Control de calidad EMS.
049 _aBNPD
999 _c27739
_d27739